MULTIPLE CHOISE QUESTION ON CARAKA SAMHITA (Record no. 8362)

MARC details
000 -LEADER
fixed length control field 00353nam a22001457a 4500
003 - CONTROL NUMBER IDENTIFIER
control field SGT
082 ## - DEWEY DECIMAL CLASSIFICATION NUMBER
Classification number 615.53
Item number M14R
100 ## - MAIN ENTRY--PERSONAL NAME
Personal name RAO,G.PRABHAKARA
245 ## - TITLE STATEMENT
Title MULTIPLE CHOISE QUESTION ON CARAKA SAMHITA
260 ## - PUBLICATION, DISTRIBUTION, ETC. (IMPRINT)
Place of publication, distribution, etc VARANASI
Name of publisher, distributor, etc CHAUKHAMBHA PUB
Year of Publication 2014
300 ## - PAGE DESCRIPTION
No. of Pages 350
650 ## - SUBJECT ADDED ENTRY--TOPICAL TERM
Topical term or geographic name as entry element CHARAK SAMHITA
653 ## - KEYWORDS--INDEX TERM
Keyword term MULTIPLE QUESTIONS
942 ## - ADDED ENTRY ELEMENTS (KOHA)
Source of classification or shelving scheme Dewey Decimal Classification
Koha item type Books
942 ## - ADDED ENTRY ELEMENTS (KOHA)
-- 10
Holdings
Withdrawn status Lost status Source of classification or shelving scheme Damaged status Not for loan Collection code Home library Current library Shelving location Date acquired Vendor Name Cost, normal purchase price SGTU Bill Number Total Checkouts Full call number Accession No. (Barcode) Date last seen Date last borrowed Bill Date Koha item type Use restrictions
    Dewey Decimal Classification     AYURVEDA SGT FA-FP Library SGT FA-FP Library Text Book 08/03/2016 CHAUKHAMBHA 325.00 SGTU CP/B/724 3 615.53 M14R FA3371 06/01/2026 24/12/2025 16/12/2015 Books  
    Dewey Decimal Classification     AYURVEDA SGT FA-FP Library SGT FA-FP Library Reference Book 08/03/2016 CHAUKHAMBHA 325.00 SGTU CP/B/724   615.53 M14R FA3372 08/03/2016   16/12/2015 Books Restricted Access
    Dewey Decimal Classification     AYURVEDA SGT FA-FP Library SGT FA-FP Library Text Book 08/03/2016 CHAUKHAMBHA 325.00 SGTU CP/B/724 7 615.53 M14R FA3373 06/01/2026 24/12/2025 16/12/2015 Books  
    Dewey Decimal Classification     AYURVEDA SGT FA-FP Library SGT FA-FP Library Text Book 08/03/2016 CHAUKHAMBHA 325.00 SGTU CP/B/724 4 615.53 M14R FA3374 25/12/2025 24/12/2025 16/12/2015 Books  
    Dewey Decimal Classification     AYURVEDA SGT FA-FP Library SGT FA-FP Library Text Book 08/03/2016 CHAUKHAMBHA 325.00 SGTU CP/B/724 8 615.53 M14R FA3375 06/01/2026 24/12/2025 16/12/2015 Books